00859 2200289 4500001002100000005001500021035002000036007000300056008004100059020002200100040001700122082001500139084001700154100003000171245007900201260003000280300005100310650003700361700003000398700002500428850001200453041000800465504003400473990002200507990002000529990002000549INLIS00000000079362620210708093218 a0010-0718000624ta180717s2010 yoia g ind d a978-979-29-1560-0 aYOPDYOGbind04223a005.43 a005.43 ABA s0 aAbas Ali Pangeraepenulis1 aSistem operasi /cAbas Ali Pangera, Dony Ariyus; penyunting, Oktaviani HS.31aYogyakarta :bAndi,c2010 axxvi, 611 halaman :bilustrasi, tabel ;c23 cm 4aKomputer--xSistem pengoperasian0 aOktaviani HS.epenyunting aDony Ariyusepenulis aYOPDYOG0 aind aBibliografi: halaman 609-611 aCB-D.11/2010-2526 a63847-PD/A.2019 a67268-PD/A.2021